| 000 | 00760nam a2200229 a 4500 | ||
|---|---|---|---|
| 001 | 47537 | ||
| 003 | BD-RjUL | ||
| 005 | 20211209054334.0 | ||
| 008 | 160809s1990 bg ||||| |||| 00| 0 ben d | ||
| 020 | _c: Tk. 50.00 | ||
| 035 | _a(BD-RjUL)47656 | ||
| 040 |
_aBD-RjUL _bben _cBD-RjUL |
||
| 041 | _aben | ||
| 082 |
_223 _a491.44 _bTAV 1990 |
||
| 100 | 1 |
_aতালিব, মুহম্মদ আবূ _9117962 |
|
| 245 | 1 | 0 | _aভাষা লিপি ও সাহিত্য / |
| 260 |
_aঢাকা : _bসৃজন প্রকাশনী লিমিটেড, _c১৯৯০ |
||
| 300 |
_a১৩৮ পৃ. ; _c২২ সেমি. |
||
| 650 |
_aবাংলা ভাষা _9144512 |
||
| 650 |
_aBengali language _9144513 |
||
| 942 |
_2ddc _cBK |
||
| 999 |
_c47537 _d47537 |
||